| 000 | 01445cam a22003854a 4500 | ||
|---|---|---|---|
| 001 | 15005471 | ||
| 003 | NUST | ||
| 005 | 20220301124121.0 | ||
| 008 | 070913s2008 cou b 001 0 eng | ||
| 010 | _a 2007037868 | ||
| 020 | _a9781588265319 (hardcover : alk. paper) | ||
| 020 | _a9781588265074 (pbk. : alk. paper) | ||
| 038 | _awaseem | ||
| 040 |
_aDLC _cDLC _dDLC |
||
| 050 | 0 | 0 |
_aKZ6355 _b.C58 2008 |
| 082 | 0 | 0 |
_a341.6 _bCIV |
| 245 | 0 | 0 |
_aCivil war and the rule of law : _bsecurity, development, human rights / _cedited by Agnès Hurwitz with Reyko Huang. |
| 260 |
_aU.S.A. : _bLynne Rienner Publishers, _c2008. |
||
| 300 |
_ax, 351 p. ; _c23 cm. |
||
| 504 | _aIncludes bibliographical references (p.303-329) and index. | ||
| 563 | _aHBK. | ||
| 650 | 0 |
_aWar (International law) _990027 |
|
| 650 | 0 |
_aRule of law. _990028 |
|
| 650 | 0 |
_aCivil war _xProtection of civilians. _990029 |
|
| 650 | 0 |
_aWar victims _xLegal status, laws, etc. _990030 |
|
| 650 | 0 |
_aHuman rights. _990031 |
|
| 650 | 0 |
_aSecurity, International. _990032 |
|
| 650 | 0 |
_aConflict management. _990033 |
|
| 700 | 1 |
_aHurwitz, Agnès G. _990034 |
|
| 700 | 1 |
_aHuang, Reyko. _990035 |
|
| 856 | 4 | 1 |
_3Table of contents only _uhttp://www.loc.gov/catdir/toc/ecip0727/2007037868.html |
| 906 |
_a7 _bcbc _corignew _d1 _eecip _f20 _gy-gencatlg |
||
| 942 |
_2ddc _cBK |
||
| 999 |
_c588463 _d588463 |
||